| 000 | 00489 a2200181 4500 | ||
|---|---|---|---|
| 003 | sjds | ||
| 005 | 20240229142539.0 | ||
| 008 | 240229b |||||||| |||| 00| 0 spa d | ||
| 020 | _a9781472376435 (Board) | ||
| 020 | _a1472376439 (Board) | ||
| 040 | _csjds | ||
| 041 | _aspa | ||
| 245 | _aSonidos de vehiculos! : 10 sonidos divertidos | ||
| 260 |
_bParragon Books, _c[2015] |
||
| 300 |
_a6 board pages _c29 cm |
||
| 500 | _aIncludes buttons with matching vehicle sounds | ||
| 942 | _cBK | ||
| 999 |
_c24745 _d24745 |
||